| 000 | 00807nam a2200241 4500 | ||
|---|---|---|---|
| 003 | URS | ||
| 005 | 20220117100037.0 | ||
| 008 | 200615b ||||| |||| 00| 0 eng d | ||
| 020 | _a9714205840 | ||
| 040 |
_cURS _erda _bTagalog |
||
| 050 |
_aPL6061 _b.L195 2004 |
||
| 100 |
_aLalic, Erlinda D., _eauthor. |
||
| 245 |
_aAng ating Panitikang Filipino / _cErlinda D. Lalic, Avelina J. Matic. |
||
| 260 |
_aMeycauayan, Bulacan : _bTrinitas Publshing, Incorporated, _c©2004. |
||
| 300 |
_a279 pages ; _c25 cm. |
||
| 336 |
_atext _btxt _2rdacontent |
||
| 337 |
_aunmediated _bn _2rdamedia |
||
| 338 |
_2volume _anc _brdacarrier |
||
| 504 | _aIncludes bibliographical references. | ||
| 650 | 0 |
_aPhilippine literature, Filipino _xHistory and criticism. |
|
| 700 |
_aMatic, Avelina J., _eauthor. |
||
| 942 |
_2lcc _cF |
||
| 999 |
_c10707 _d10707 |
||